002970000a22001210004500020001800000082001800018100001800036245005100054260003200105300001000137650002400147001000400171 a0 86209 525 504aGI CTH Sa994w1 aSayers, Susan10aWind and Fire / Susan Sayers, il. Arthur Baker aEngland : Kevin Mayhew Ltd. a31 P.14aLiteratura Infantil815